Implementación de un Prototipo de Sistema de Control de Acceso y Luminaria, controlado por Voz para Personas con Discapacidad Físico-Motora y Personas Ciegas

En este proyecto se llevó a cabo la fabricación de un prototipo de sistema de control de acceso y luminaria, controlado por medio de voz para personas con discapacidades físico-motoras y personas ciegas.

Bibliographic Details
Main Author: Goussen Sequeira, Mario Ernesto
Other Authors: Tutor: Munguía Mena, Marco Antonio
Format: Tesis Section = Libro
Language:Undetermined
Spanish
Published: Managua UNI 2022
Subjects:
LEADER 01125nam a2200265Ia 4500
008 240830s9999 xx 000 0 und d
040 |a BIBLIOTECA-RUSB/ Mon 621.317 G717 
041 |a spa 
082 |a Mon 621.317 G717 
100 1 |a Goussen Sequeira, Mario Ernesto 
245 1 0 |a Implementación de un Prototipo de Sistema de Control de Acceso y Luminaria, controlado por Voz para Personas con Discapacidad Físico-Motora y Personas Ciegas 
260 |a Managua  |b UNI  |c 2022 
300 |a 57 p. :il. 
500 |a Contiene: anexos y CD. 
502 |a Tesis (Ingeniero Electrónico) - UNI, 2022. 
520 3 |a En este proyecto se llevó a cabo la fabricación de un prototipo de sistema de control de acceso y luminaria, controlado por medio de voz para personas con discapacidades físico-motoras y personas ciegas. 
650 7 |a CONTROL ELECTRONICO-DISEÑO 
650 7 |b  DISPOSITIVOS MOVILES 
650 7 |c  CONTROL POR VOZ 
650 7 |d  PYTHON (LENGUAJE DE PROGRAMACION) 
650 7 |e  INTERFACES DE USUARIOS 
700 1 |a Tutor:  |b Munguía Mena, Marco Antonio 
942 |c BK  |2 ddc 
991 |a TESIS 
999 |c 22322